000 00203 a2200097 4500
001 58642
100 _a
245 _aTaliban
260 _aKarachi
_bOxford university Press
_c1992
090 _c35967
_d35967
942 _aNUST-CAE
_c
_c28854
999 _c293715
_d293715